Essayer de trouver le plus de mangas dans le temps imparti - Statistiques

Statistiques générales
  • Ce quiz a été pris 56 fois
  • Le résultat moyen est 23 sur 230
Statistiques - réponses
Hint Réponse % Correct
517 millions One Piece
98%
250 millions Naruto
96%
300 millions Dragon Ball
89%
130 millions Bleach
74%
100 millions Jujutsu Kaisen
72%
100 millions My Hero Academia
72%
150 millions Demon Slayer
70%
140 millions L’attaque des titans
67%
84 millions Hunter x Hunter
57%
30 millions Death Note
54%
33 millions One Punch Man
52%
40 millions Blue Lock
50%
72 millions Fairy Tail
50%
47 millions Tokyo Ghoul
46%
60 millions Berserk
43%
270 millions Détective Conan
43%
185 millions Slam Dunk
41%
7 millions Vinland Saga
39%
25 millions Assassination Classroom
37%
17 millions Dr. Stone
37%
70 millions Haikyū!!
37%
19 millions Black Clover
33%
20 millions Fire Force
33%
80 millions Tokyo Revengers
33%
110 millions Kingdom
30%
37 millions Seven Deadly Sins
30%
38 millions Spy x Family
30%
300 millions Doraemon
28%
50 millions Nana
28%
100 millions Baki
24%
25 millions Blue Exorcist
24%
80 millions Fullmetal Alchemist
24%
20 millions Oshi no Ko
24%
32 millions Black Butler
22%
10 millions Dandadan
22%
25 millions Parasite
22%
42 millions The Promised Neverland
22%
82 millions Captain Tsubasa
20%
20 millions Food Wars
20%
24 millions Frieren
20%
100 millions Ippo
20%
20 millions Monster
20%
12 millions Sakamoto Day’s
20%
30 millions Chainsaw Man
17%
50 millions Great Teacher Onizuka
17%
10 millions Mashle
17%
50 millions Saint Seiya
17%
73 millions Gintama
15%
300 millions Golgo 13
15%
12 millions My Dress-up Darling
15%
46 millions Sailor Moon
15%
82 millions Vagabond
15%
40 millions Yu-Gi-Oh!
15%
78 millions Yū Yū Hakusho
15%
23 millions Ao Ashi
13%
7,5 millions Blue Box
13%
50 millions City Hunter
13%
26 millions Eyeshield 21
13%
22 millions Kaguya-Sama : Love is war
13%
100 millions Ken le survivant
13%
23 millions Neon Genesis Evangelion
13%
20,4 millions Soul Eater
13%
5 millions Your Lie in April
13%
36 millions 20th/21th Century Boy
11%
40 millions Les carnets de l’apothicaire
11%
25 millions Magi
11%
6,5 millions Wind Breaker
11%
15 millions Bakuman
9%
7,5 millions Beastars
9%
8,5 millions Black Lagoon
9%
148 millions Crayon Shin-Chan
9%
6,5 millions Hell’s Paradise
9%
55 millions Initial D
9%
13 millions Prison School
9%
23,5 millions Rave
9%
25 millions Toriko
9%
25 millions Ashita no Joe
7%
50 millions Devilman
7%
23 millions Gantz
7%
157 millions KochiKame
7%
16 millions Komi cherche ses mots
7%
9 millions My Happy Marriage
7%
130 millions Oishinbo
7%
10 millions Shangri-La Frontier
7%
18 millions Valkyrie Apocalypse
7%
24 millions Ahiru no Sora
4%
50 millions Inu-Yasha
4%
72 millions Kenshin le Vagabond
4%
16 millions Real
4%
30 millions Reborn!
4%
86 millions Sazae-San
4%
44 millions Ace of Diamond
2%
100 millions Astro, le petit robot
2%
45,5 millions Black Jack
2%
50 millions Cobra
2%
5,6 millions Darwin’s Game
2%
24 millions D. Gray-Man
2%
35 millions Dr Slump
2%
5 millions Du Mouvement de la Terre
2%
24 millions Golden Kamui
2%
10 millions Grand Blue
2%
55 millions H2
2%
25 millions Hikaru no Go
2%
100 millions Les enquêtes de Kindaichi
2%
60,5 millions Major
2%
12 millions Nisekoi
2%
12 millions Quand Takagi me taquine
2%
13 millions Rent-A-Girlfriend
2%
80 millions Sangokushi
2%
20 millions Sawako
2%
13 millions Seraph of the End
2%
38 millions Shaman King
2%
19 millions Space Brothers
2%
20 millions The Quintessential Quintuplets
2%
20 millions Tsubasa Reservoir Chronicle
2%
13,7 millions xxxHolic
2%
30 millions Yawara!
2%
26,5 millions Yūkan club
2%
34 millions 3x3 eyes
0%
22 millions Abu-San
0%
20 millions Ah! My godness
0%
25 millions Angel Heart
0%
50 millions Aoki Densetsu Shoot!
0%
5 millions Arrête de me chauffer, Nagatoro
0%
5,5 millions À Tes Côtés
0%
55 millions Bad Boys
0%
26 millions Baribari Legend
0%
30 millions Bastard!
0%
40 millions Be-Bop high school
0%
17 millions Beck
0%
12 millions Black Cat
0%
25 millions Boys Be…
0%
5,9 millions Bungo
0%
16 millions Bungo Stray Dogs
0%
20 millions Cat’s Eye
0%
30 millions Chameleon
0%
32 millions Chibi Maruko-Chan
0%
28 millions Chihayafuru
0%
32 millions Chinmoku no Kantai
0%
11,5 millions Coffee & Vanilla
0%
36 millions Cooking Papa
0%
36 millions Crest of the Royal Family
0%
46 millions Crows
0%
10 millions Days
0%
45 millions Dear Boys
0%
5,5 millions Demon Slave
0%
21,6 millions Dōbutsu no Oisha-San
0%
48 millions Dokaben
0%
18 millions Don’t call it mystery
0%
50 millions Dragon quest : la quête de Daï
0%
25 millions En selle, Sakamichi
0%
5,5 millions Fly me to the Moon
0%
5,8 millions Friends Game
0%
29,5 millions Furari Ecchi
0%
30 millions Gaki Deka
0%
18 millions GetBackers
0%
20 millions Ginga Densetsu Weed
0%
50 millions Glass No Kamen
0%
14 millions Gloutons et Dragons
0%
61 millions Hana Yori Dango
0%
18 millions Happy!
0%
29 millions Hayate Densetsu Tokkō no Taku
0%
19 millions Hayate the Combat Butler
0%
13 millions Honey Lemon Soda
0%
5 millions Iruma à l'école des démons
0%
10 millions I"s
0%
27 millions Itazura na Kiss
0%
29 millions Jikoku Sensei Nūbē
0%
120 millions Jojo ́s Bizarre Adventure
0%
47 millions Kachō Kōsaku Shima
0%
20 millions Kaiji
0%
18 millions Kaiji no 8
0%
30 millions Kié la petite peste
0%
20 millions Kimagure Orange Road
0%
31 millions Kuroko ́s Basket
0%
40 millions Kyō Kara Ore Wa
0%
20 millions La rose de Versailles
0%
5 millions Les Brigades Immunitaires
0%
25 millions Maison Ikkoku
0%
17 millions Master Keaton
0%
6,5 millions Medaka Box
0%
5 millions Minami-Ke
0%
53 millions Minami No Teiō
0%
25 millions Miyuki
0%
45 millions Moi, quant je me réincarne en slime
0%
5,5 millions Mon histoire d’amour avec Yamada Lv999
0%
77 millions Muscleman
0%
20 millions Negima le maître magicien
0%
37 millions Nodame Cantabile
0%
20 millions No Longer Rangers
0%
6,5 millions Onihei Crime Reports in Edo
0%
12 millions Otaku Otaku
0%
8 millions Out
0%
22 millions Paralliro!
0%
40 millions Paul le pêcheur
0%
6 millions Peace maker
0%
25 millions Ping-Pong club
0%
28 millions Pokemon la grande aventure
0%
60 millions Prince du tennis
0%
12 millions Psycometrer Eiji
0%
60 millions Racailles Blues
0%
55 millions Ranma ½
0%
21 millions Rookies
0%
26 millions Sakigake!! Otokojuku
0%
30 millions Salaryman Kintarō
0%
30 millions Saura no Mon
0%
17 millions Say Hello to Black Jack
0%
25 millions Seito Shokun!
0%
43 millions Shizukanaru Don-Yakuza Side Story
0%
17 millions Silver Spoon
0%
14 millions Sket Dance
0%
7,8 millions Sounds of Life
0%
10 millions Spriggan
0%
20 millions Sukeban Deka
0%
21 millions Terra Formars
0%
5,5 millions The Dangers in my Heart
0%
7,5 millions The Heroic Legend of Arslan
0%
5 millions The Ideal Sponger Life
0%
28 millions Tokimeki Tonight
0%
20 millions Tokyo Daikagu Monogatari
0%
100 millions Touch
0%
25 millions Tsuribaka Nisshi
0%
5 millions Tsuyoshi
0%
6 millions UQ Holder
0%
35 millions Urusei Yarsura
0%
30 millions Ushio and Tora
0%
9 millions World’s End Harem
0%
28 millions Worst
0%
18,6 millions Yotsuba & !
0%
22 millions Zatch Bell!
0%
Aucun quiz correspondant
Distribution des résultats
% des personnes avec chaque résultat
Percentile par nombre de réponses
Votre historique - résultats
Vous n’avez pas pris ce quiz